00791nab a2200241 4500003000900000005001700009008004100026040001800067072002600085100002100111245004600132500001300178650001200191650001900203650001700222650002400239650002100263650001700284650002200301650002500323650001400348773018700362BR-BrBNA20240814161726.0240723b bl.||||| |||| 00| 0 por d aBR-BrBNAbpor aF01 ; E70 ; Q04b1126 aCosta, Antônio aAbacaxi do Tocantins na BCPbFruticultura a1 illus. aABACAXI aFRUTA TROPICAL aPRODUÇÃO aCOMERCIALIZAÇÃO aNORMALIZAÇÃO aRASTREAMENTO aSELO DE QUALIDADE aBOLSA DE MERCADORIAS aTOCANTINS0 04604dPalmas - Tocantins Terranova Gráfica e Editora Jornalística Ltda 2005o2024-3811tCerrado Rural Agronegócios (Brazil)x1980-2595gv. 3(16) p. 35; (Apr 2006)wBR2024001995